| 000 | 00854nam a22002297a 4500 | ||
|---|---|---|---|
| 999 |
_c17334 _d17334 |
||
| 003 | AR-CdUCM | ||
| 008 | 190508b ||||| |||| 00| 0 spa d | ||
| 040 |
_aMUNICIPALIDAD PROVINCIAL DEL CUSCO _cBIBLIOTECA MUNICIPAL DEL CUSCO |
||
| 082 |
_23ed. _a575.01 / _bC26 |
||
| 100 |
_aCarles, Jules. _919758 |
||
| 245 | _aLos orígenes de la vida / | ||
| 260 |
_aBuenos Aires : _bEudeba, _c1960. |
||
| 300 |
_a134 paginas ; _c18 cm. |
||
| 500 | _aTitulo original : Les origenes de la vie | ||
| 505 | _aContenido : La historia de la biogénesis -- La antigüedad y el renacimiento -- La distancia que es menester franquear -- La constitución química. | ||
| 650 |
_aOrigen humano _937295 |
||
| 650 |
_aForma orgánica _937296 |
||
| 650 |
_aGeneración espontanea _937297 |
||
| 650 |
_aBiogenesis _937298 |
||
| 942 |
_2ddc _cLIBROS |
||
| 945 |
_awnts _d2019-05-8 |
||